W. Wundt.
Elmentve itt :
| Szerző: | |
|---|---|
| Adatforrás: | Philobibl |
| Forrásdokumentuma: | Társadalomtudomány 1921. évf., 70-96./202-218.p. p. |
| Dokumentumtípus: | Cikk |
| Nyelv: | magyar |
| LEADER | 00276nab a2200097 c 4500 | ||
|---|---|---|---|
| 001 | bibDOK00023977 | ||
| 005 | 20200924121811.8 | ||
| 008 | 060518s1921 xx hun | ||
| 100 | 1 | |a Kornis Gyula | |
| 245 | 1 | 0 | |a W. Wundt. |c Kornis Gyula |
| 773 | 0 | |t Társadalomtudomány |g 1921. évf., 70-96./202-218.p. p. | |